|
|
|
|
| LEADER |
01132nam a2200277 a 4500 |
| 001 |
11874270 |
| 008 |
090713s2000 enk b 001 0 eng d |
| 010 |
|
|
|a 99086582
|
| 020 |
|
|
|a 0415196477 (hb)
|
| 020 |
|
|
|a 0415196485 (pbk.)
|
| 040 |
|
|
|a DLC
|c DLC
|d DLC
|
| 082 |
0 |
0 |
|a 700/.4112
|2 21
|
| 100 |
1 |
|
|a Childs, Peter,
|d 1962-
|
| 245 |
1 |
0 |
|a Modernism /
|c Peter Childs.
|
| 260 |
|
|
|a London ;
|a New York :
|b Routledge,
|c 2000.
|
| 300 |
|
|
|a viii, 226 p. ;
|c 21 cm.
|
| 490 |
1 |
|
|a The New critical idiom
|
| 504 |
|
|
|a Includes bibliographical references (p. [213]-219) and index.
|
| 541 |
1 |
|
|e 00012073
|
| 650 |
|
0 |
|a Modernism (Art)
|
| 650 |
|
0 |
|a Arts, Modern
|y 19th century.
|
| 650 |
|
0 |
|a Arts, Modern
|y 20th century.
|
| 852 |
4 |
|
|a Ayesha Abed Library
|j General shelf
|
| 999 |
|
|
|c 2336
|d 2336
|
| 952 |
|
|
|0 0
|1 0
|2 ddc
|4 1
|6 700_411200000000000_CHI
|7 0
|9 2160
|a BRACUL
|b BRACUL
|c SPS
|d 2009-07-13
|g 100.00
|l 4
|m 18
|o 700.4112 CHI
|p 3010012073
|r 2018-02-14
|s 2017-08-17
|t 1
|w 2009-07-13
|y BK
|
| 952 |
|
|
|0 0
|1 0
|2 ddc
|4 1
|6 700_411200000000000_CHI
|7 0
|9 7966
|a BRACUL
|b BRACUL
|c SPS
|d 2010-02-10
|g 100.00
|l 4
|m 25
|o 700.4112 CHI
|p 3010012072
|r 2012-09-05
|s 2012-05-28
|t 2
|w 2010-02-10
|y BK
|